| 000 | 01077nam a2200289Ia 4500 | ||
|---|---|---|---|
| 003 | OSt | ||
| 005 | 20250522114630.0 | ||
| 008 | 191128s2011 ck e 000 f spa d | ||
| 020 | _a9788466647656 | ||
| 040 |
_aCO-JMCR _cCO-JMCR |
||
| 041 | _aspa | ||
| 082 | 0 | 4 |
_aJ-N _bJENc |
| 100 |
_aJenny, Zoë, _eautora _97304 |
||
| 245 | 1 | 3 |
_aEl cielo cambia / _cZoë Jenny ; traducción de Magdalena Palmer |
| 250 | _aPrimera edición | ||
| 260 | _aBogotá | ||
| 260 | _bEdiciones B | ||
| 260 | _c2011 | ||
| 300 |
_a157 páginas ; _c23 cm. |
||
| 500 | _a"Un retrato fascinante de una ciudad inquieta y de la lucha de una joven por encontrar su lugar en el mundo"--tapa | ||
| 520 | _aCuenta la historia personal de Claire, una joven de treinta y pocos años a quien un accidente de coche le impide continuar con su brillante carrera como bailarina, sumiéndola en una profunda crisis personal. | ||
| 534 | _pThe sky is changing | ||
| 546 | _aTraducido del inglés | ||
| 650 | 1 | 4 |
_aNovela juvenil _97305 |
| 700 |
_aPalmer, Magdalena, _etraductora _97306 |
||
| 942 |
_2ddc _cBK |
||
| 999 |
_c3779 _d3779 |
||